| 000 | 00761cam a2200241 4500 | ||
|---|---|---|---|
| 001 | 332183 | ||
| 005 | 20170619150201.0 | ||
| 008 | 750909s1969 sj b 000 0 eng | ||
| 010 | _a 75316838 | ||
| 040 |
_aDLC _cDLC _dDLC |
||
| 043 |
_ae------ _af-sj--- |
||
| 050 | 0 | 0 |
_aDT132 _b.A65 |
| 082 | 0 | 0 | _a962.4/02 |
| 100 | 1 | _aAli, Abbas Ibrahim Muhammad. | |
| 245 | 1 | 0 | _aAnglo-Saxon Teutonic images of the peoples of the Sudan, 1772-1881. |
| 260 |
_a[Khartoum] _bSudan Research Unit, University of Khartoum, _c1969. |
||
| 300 |
_a35 l. _c26 cm. |
||
| 440 | 0 |
_aAfrican studies seminar paper _vno. 6 |
|
| 650 | 0 |
_aEthnology _zSudan. |
|
| 651 | 0 |
_aSudan _xForeign public opinion, European. |
|
| 906 |
_a7 _bcbc _corignew _d4 _encip _f19 _gy-gencatlg |
||
| 942 | _2ddc | ||
| 999 |
_c64355 _d64329 |
||